LEADER 01286nam a2200289 i 4500 001 000000195798 003 CaOOAMICUS 005 20101229000000.0 008 101229s2010 fr u000 u fre u 013 $a174478 020 $a978-2-204-08178-8 040 $aSeMil$bita 245 10$aPhilosophie et théologie à l'époque moderne /$cvolume dirigé par Jean-Christophe Bardout. 260 $aParis :$bLes Éditions du Cerf,$c2010. 300 $a492 p. ;$c22 cm. 490 0 $aPhilosophie & théologie 500 $aContiene una selezione di testi di diversi autori. 650 4$aFilosofia e teologia.$0(OLS)http://semarc/subject/1243 700 1 $aBardout, Jean-Christophe.$0(OLS)http://semarc/name/71024 773 0 $tAnthologie.$dParis : Les Éditions du Cerf, 2009.$kPhilosophie & théologie$g3$w()22654 830 0$aPhilosophie & théologie.$0(OLS)http://semarc/title/8604 850 $aSeMil 852 $aSeMil$W1$xVenegono$y1$m2XA A 51$j146367$B146367$CSeMilBibl$Z2$F157837 $81 961 $aSottoscrizione: SODIS 996 $6020$a978-2-204-08178-8$9(OLS)http://semarc/number/187600 996 $6245$aPhilosophie et théologie à l'époque moderne$9(OLS)http://semarc/title/282610 996 $6260$aParis :$bLes Éditions du Cerf$9(OLS)http://semarc/publisher/29611 LEADER 01257nam a2200229 i 4500 001 000000204727 003 CaOOAMICUS 005 20110803000000.0 008 110803s1974 it u000 u ita u 013 $a183455 040 $aSeMil$bita 110 0 $aArcidiocesi di Milano : Consiglio Presbiteriale <2.>.$0(OLS)http://semarc/name/73774 245 12$aL'educazione alla preghiera :$bTeologia della preghiera ; Suggerimenti: formazione liturgica ; I libri della preghiera della comunità e della famiglia ; Proposte operative /$cSecondo Consiglio Presbiteriale della Diocesi di Milano. 260 $a[S.l. :$bs.n.],$c1974. 300 $a19 p. ;$c21 cm. 500 $aIn mezzo alla cop. : In preparazione alla 9. sessione del 28 maggio 1974. 650 4$aMilano - Consiglio presbiterale - 1974.$0(OLS)http://semarc/subject/38556 850 $aSeMil 852 $aSeMil$W1$xVenegono$y1$m5D X 23/7$j155221$B155221$CSeMilBibl$Z2$F166126 $81 961 $aOmaggio: Altro 996 $6245$aL'educazione alla preghiera :$bTeologia della preghiera ; Suggerimenti: formazione liturgica ; I libri della preghiera della comunità e della famiglia ; Proposte operative$9(OLS)http://semarc/title/296576 996 $6260$a[S.l. :$bs.n.]$9(OLS)http://semarc/publisher/29751